<?xml version="1.0" encoding="UTF-8"?>
<marc:record xmlns:marc="http://www.loc.gov/MARC21/slim">
   <marc:leader>00000nam a2200000 a 4500</marc:leader>
   <marc:datafield ind1="1" ind2=" " tag="100">
      <marc:subfield code="a">Erdmann, Wilfried</marc:subfield>
      <marc:subfield code="4">aut</marc:subfield>
      <marc:subfield code="e">Verfasser/-in</marc:subfield>
   </marc:datafield>
   <marc:datafield ind1=" " ind2=" " tag="653">
      <marc:subfield code="a">Fahrtensegeln</marc:subfield>
   </marc:datafield>
   <marc:datafield ind1=" " ind2=" " tag="653">
      <marc:subfield code="a">reisebericht schottland</marc:subfield>
   </marc:datafield>
   <marc:datafield ind1=" " ind2=" " tag="653">
      <marc:subfield code="a">reisebericht segeln</marc:subfield>
   </marc:datafield>
   <marc:datafield ind1=" " ind2=" " tag="653">
      <marc:subfield code="a">seereise</marc:subfield>
   </marc:datafield>
   <marc:datafield ind1=" " ind2=" " tag="653">
      <marc:subfield code="a">erzählung schottland</marc:subfield>
   </marc:datafield>
   <marc:datafield ind1=" " ind2=" " tag="653">
      <marc:subfield code="a">segeln schottland</marc:subfield>
   </marc:datafield>
   <marc:datafield ind1=" " ind2=" " tag="653">
      <marc:subfield code="a">Softcover / Reisen/Reiseberichte</marc:subfield>
   </marc:datafield>
   <marc:datafield ind1=" " ind2=" " tag="653">
      <marc:subfield code="a">Reiseerzählungen/Europa</marc:subfield>
   </marc:datafield>
   <marc:datafield ind1=" " ind2=" " tag="653">
      <marc:subfield code="a">Reisebericht</marc:subfield>
   </marc:datafield>
   <marc:datafield ind1="0" ind2="0" tag="245">
      <marc:subfield code="a">Kathena und mein Logbuch nach Norden</marc:subfield>
   </marc:datafield>
   <marc:datafield ind1="0" ind2="0" tag="245">
      <marc:subfield code="c">Wilfried Erdmann</marc:subfield>
   </marc:datafield>
   <marc:datafield ind1=" " ind2="1" tag="264">
      <marc:subfield code="a">Bielefeld</marc:subfield>
      <marc:subfield code="b">Delius Klasing Verlag</marc:subfield>
      <marc:subfield code="c">2017</marc:subfield>
   </marc:datafield>
   <marc:datafield ind1=" " ind2=" " tag="250">
      <marc:subfield code="a">1. Auflage</marc:subfield>
   </marc:datafield>
   <marc:datafield ind1="1" ind2=" " tag="520">
      <marc:subfield code="a">Angaben aus der Verlagsmeldung

Kathena und mein Logbuch nach Norden / von Wilfried Erdmann

Abschied von einer langen Leidenschaft14 Jahre stand das Schiff aufgebockt im Garten hinterm Haus. 14 Jahre, in denen durchaus gesegelt wurde – nur eben nicht mit dem Schiff, das für Seetüchtigkeit und Zuverlässigkeit steht wie kein anderes. 14 Jahre, die dem soliden Rumpf und der spartanischen, aber sinnigen Ausrüstung nichts anhaben konnten. Im Sommer 2016 aber sollte sich alles ändern. Die KATHENA, die zwei Nonstop-Weltumseglungen mit Bravour hinter sich gebracht hatte, sollte wieder ihrem Element zugeführt werden. Eine neue Reise angegangen. Salzluft, Windluft, Seeluft schnuppern. Ein Törn in eines der schönsten, wildesten, rauesten Reviere Europas. Wie gemacht für dieses Schiff. Wie gemacht für seine Eigner. Deren Name Erdmann schon lange für „Seemann“ steht.Im Sommer 2016 waren Wilfried und Astrid Erdmann mit der Kathena nui unterwegs mit Ziel Schottland. Obwohl die Reise insgesamt glückte, empfanden beide das Ganze als anstrengend und kräftezehrend und kamen zum Ergebnis: Es war die Abschiedsreise. Zumindest, was größere Törns angeht. Ihr Bericht ist zeitgleich die Bilanz eines großartigen Segelpaares.
</marc:subfield>
   </marc:datafield>
   <marc:datafield ind1=" " ind2=" " tag="020">
      <marc:subfield code="a">9783667110718</marc:subfield>
      <marc:subfield code="9">9783667110718</marc:subfield>
   </marc:datafield>
   <marc:datafield ind1=" " ind2=" " tag="020">
      <marc:subfield code="a">3667110715</marc:subfield>
      <marc:subfield code="9">3667110715</marc:subfield>
   </marc:datafield>
   <marc:datafield ind1=" " ind2=" " tag="041">
      <marc:subfield code="a">ger</marc:subfield>
   </marc:datafield>
   <marc:datafield ind1=" " ind2=" " tag="300">
      <marc:subfield code="a">235 Seiten</marc:subfield>
   </marc:datafield>
</marc:record>
